La inclusión en la actividad física y deportiva
Saved in:
| Institution som forfatter: | |
|---|---|
| Format: | Bog |
| Sprog: | spansk |
| Udgivet: |
Badalona
Editorial Paidotribo
2014
|
| Udgivelse: | 1a. ed |
| Fag: | |
| Tags: |
Tilføj Tag
Ingen Tags, Vær først til at tagge denne postø!
|
MARC
| LEADER | 00000cam a2200000 a 4500 | ||
|---|---|---|---|
| 001 | UCC2263 | ||
| 003 | CL-VaPUC | ||
| 008 | 180114e20140000sp |||||||||||||||||spa|d | ||
| 020 | |a 9788499104416 | ||
| 082 | 0 | 4 | |a 613.71 |b COM |2 21 |
| 110 | 2 | |a Comité Paralímpico Español |e author |9 596394 | |
| 245 | 1 | 3 | |a La inclusión en la actividad física y deportiva |
| 250 | |a 1a. ed | ||
| 300 | |a 392 p | ||
| 942 | |c BK | ||
| 945 | |d 20180114 20:51:00 |a arojas | ||
| 260 | |a Badalona |b Editorial Paidotribo |c 2014 | ||
| 500 | |a Incluye DVD con ejemplos | ||
| 650 | 0 | |a Inclusión |9 553355 | |
| 650 | 0 | |a Actividad física |9 362156 | |
| 650 | 0 | |a Ejercicio físico |9 312599 | |
| 650 | 0 | |a Salud física |9 334274 | |
| 650 | 0 | |a Desarrollo físico |9 334273 | |
| 583 | |a last modification |c 20180114 20:51:00 |k Rodrigo Vera | ||
| 999 | |c 370497 |d 370495 | ||
| 952 | |0 0 |1 0 |3 erb |4 0 |6 613_710000000000000_COM_2014 |7 0 |8 A |9 487023 |a BIBEDU |b BIBEDU |i 5448042 |o 613.71 COM 2014 |p 5448042 |r 2019-11-24 |w 2019-11-24 |y BK |z Catalogado en:20180114 |k EFI | ||